Loading...
| Science - Physics | 0 | 3 | 0 | 0 | 30 | 97 | 103.33 | 1 | 3 |
| Literature - British Literature | 1 | 1 | 0 | 0 | 25 | 68 | 103.00 | 0 | 2 |
| Science - Chemistry | 0 | 2 | 0 | 0 | 20 | 79 | 79.00 | 2 | 2 |
| Other Science: Math | 0 | 2 | 0 | 0 | 20 | 88 | 98.50 | 1 | 2 |
| Social Science | 0 | 1 | 0 | 0 | 10 | 104 | 104.00 | 0 | 1 |
| Chemistry> | 0 | 1 | 0 | 0 | 10 | 101 | 101.00 | 0 | 1 |
| Fine Arts - Auditory Fine Arts | 0 | 1 | 0 | 0 | 10 | 116 | 116.00 | 1 | 1 |
| Other Science: Computer Science | 0 | 1 | 0 | 0 | 10 | 82 | 82.00 | 1 | 1 |
| Science - Biology | 0 | 1 | 0 | 1 | 10 | 135 | 135.00 | 0 | 1 |
| Beliefs | 0 | 1 | 0 | 1 | 10 | 136 | 136.00 | 1 | 1 |
| History - European History | 0 | 1 | 1 | 0 | 5 | 97 | 97.00 | 1 | 1 |
| History - World History | 0 | 1 | 1 | 0 | 5 | 124 | 124.00 | 0 | 1 |
| History - American History | 0 | 1 | 1 | 1 | 5 | 116 | 116.00 | 1 | 1 |